| 000 | 00932cmm a2200229 a 4500 | ||
|---|---|---|---|
| 020 | _a0201315114 | ||
| 082 | 1 | 0 |
_a005.369 _bDUF _cN-01,p39 |
| 100 |
_aDuffy , Tim _936801 |
||
| 245 | 1 | 0 |
_aMicrosoft Access 97 _cTim Duffy |
| 260 |
_aUSA : _bAddison Wesley Publishing company , _cc1997. |
||
| 300 |
_avarious pagings.: _c28 cm. |
||
| 500 | _a"Upgrade"--Container. | ||
| 500 | _aTitle from disc label. | ||
| 520 | _aRelational database management system that allows user to create tables, forms, queries, and reports from more than twenty customizable templates. Enables data entry and analysis from the Internet or an intranet utilizing HTML and hyperlinks. | ||
| 526 |
_a0 _b0 _c0 _d005_369000000000000_DUF |
||
| 526 |
_a0 _b0 _c0 _d005_369000000000000_DUF |
||
| 650 | 0 |
_aDatabase management _918068 |
|
| 650 | 0 |
_aNUST _96342 |
|
| 650 | 0 |
_aRelational databases _936802 |
|
| 710 | 2 |
_aMicrosoft Corporation. _936803 |
|
| 942 |
_2ddc _cBK |
||
| 999 |
_c541766 _d541766 |
||